Normal view
MARC view
Entry Topical Term
001 - CONTROL NUMBER
- control field: 8586
003 - CONTROL NUMBER IDENTIFIER
- control field: ARRUPE
005 - DATE AND TIME OF LATEST TRANSACTION
- control field: 20140211155210.0
008 - FIXED-LENGTH DATA ELEMENTS
- fixed length control field: 140211|| aca||aabn | a|a d
040 ## - CATALOGING SOURCE
- Original cataloging agency: ARRUPE
- Transcribing agency: ARRUPE
150 ## - HEADING--TOPICAL TERM
- Topical term or geographic name as entry element: Jesuit Refugee Service
670 ## - SOURCE DATA FOUND
- Source citation: Work cat.: (ARRUPE): Balleis, Peter 8584, In the Footsteps of Pedro Arrupe , 2007